000 00293nam a22001337a 4500
008 170801b xxu||||| |||| 00| 0 eng d
020 _a0471898317
041 _aeng
080 _a621.3
100 _a26
101 _aIM
245 _aPOWER SEMICONDUCTOR DRIVES
_cDEWAN,S.B
942 _2udc
_cBK
999 _c22328
_d22328